000 00191 a2200097 4500
020 _a9780395630822
041 _aspa
100 _aNuria Gomez
245 _aRafa el niò¨ invisible
942 _cK
999 _c30773
_d30771